000 00321nam a2200133Ia 4500
008 240624s9999 xx 000 0 und d
041 _aeng
082 _a828 WEL
100 _aWELSH DAVID
245 _aENDING APARTHEID
260 _c2011
_aNew York
_bLongman Pearson
300 _axi, 231 p.; 23 cm.
365 _cBPS
_b28
999 _c29495
_d29495